| 000 | 01043nam a2200289 a 4500 | ||
|---|---|---|---|
| 001 | 000108637 | ||
| 003 | CHAP | ||
| 005 | 20220329144019.0 | ||
| 008 | 140228s2012 it |r| |||||||eng d | ||
| 010 | _a105099 | ||
| 011 | _a106071 | ||
| 020 | _a9789251072776 | ||
| 040 | _cCHAP | ||
| 090 | _aFolleto 18392y | ||
| 245 | 1 | 0 |
_aVoluntary guidelines on the responsible governance of tenure of land, fisheries and forests in the context of national food security / _cpor FAO. |
| 260 |
_aRoma : _bFAO, _c2012. |
||
| 300 | _avi, 40 p. | ||
| 500 | _aEstas directrices fueron aprobadas por el CSA (Committe de Seguridad Alimentaria Mundial) en su trigésimo octavo período de sesiones el 11 de mayo de 2011. Impreso y ed electrónico. | ||
| 590 |
_aE5995AHE _b05 _c20140228 _lUCH01 _h1126 |
||
| 650 | 1 | 4 |
_aRecursos naturales _xAdministración. _995175 |
| 650 | 1 | 4 |
_aSeguridad alimentaria. _9103673 |
| 650 | 1 | 4 |
_aSuministro de alimentación. _9125605 |
| 650 | 1 | 4 |
_aTierras _xTenencia. _9113130 |
| 901 | _aBK | ||
| 942 | _cFOLL | ||
| 942 | _n0 | ||
| 999 |
_c105099 _d105099 |
||